| 000 | 02204cam a2200385 a 4500 | ||
|---|---|---|---|
| 999 |
_c3841 _d3841 |
||
| 001 | 550931 | ||
| 003 | SCU | ||
| 005 | 20241111112648.0 | ||
| 008 | 060315t20062005nyu c 000 1 eng d | ||
| 020 |
_a9780786838653 _q(pbk.) |
||
| 035 |
_a(OCoLC)560864766 _z(OCoLC)636684449 |
||
| 040 |
_aQT4 _cQT4 _dHNW _dTMI _dSCU _dKH8 |
||
| 042 | _anbic | ||
| 082 | _aFIC RIO | ||
| 100 | 1 |
_aRiordan, Rick. _eAuthors. |
|
| 245 | 1 | 4 |
_aThe lightning thief / _cRick Riordan. |
| 250 | _a1st Hyperion Paperbacks ed. | ||
| 260 |
_aNew York : _bDisney/Hyperion Paperbacks for Children, _c2006, c2005. |
||
| 300 |
_a377, [10] p. ; _c20 cm. |
||
| 490 | 1 |
_aPercy Jackson & the Olympians ; _vbk. 1. |
|
| 505 | 0 | _aI accidentally vaporize my pre-algebra teacher -- Three old ladies knit the socks of death -- Grover unexpectedly loses his pants -- My mother teaches me bullfighting -- I play pinochle with a horse -- I become supreme lord of the bathroom -- My dinner goes up in smoke -- We capture a flag -- I am offered a quest -- I ruin a perfectly good bus -- We visit the Garden Gnome Emporium -- We get advice from a poodle -- I plunge to my death -- I become a known fugitive -- God buys us cheeseburgers -- We take a zebra to Vegas -- We shop for water beds -- Annabeth does obedience school -- We find out the truth, sort of -- I battle my jerk relative -- I settle my tab -- Prophecy comes true. | |
| 520 | _aAfter learning that he is the son of a mortal woman and Poseidon, god of the sea, twelve-year-old Percy is sent to a summer camp for demigods like himself, and joins his new friends on a quest to prevent a war between the gods. | ||
| 650 | 0 |
_aJackson, Percy (Fictitious character) _vJuvenile fiction. |
|
| 650 | 0 |
_aMythology, Greek _vJuvenile fiction. |
|
| 650 | 0 |
_aCamps _vJuvenile fiction. |
|
| 650 | 0 |
_aFriendship _vJuvenile fiction. |
|
| 650 | 0 |
_aFathers and sons _vJuvenile fiction. |
|
| 650 | 0 |
_aPoseidon (Greek deity) _vJuvenile fiction. |
|
| 650 | 0 |
_aHades (Greek deity) _vJuvenile fiction. |
|
| 650 | 0 |
_aZeus (Greek deity) _vJuvenile fiction. |
|
| 655 | 7 |
_aFantasy fiction. _2gsafd. |
|
| 655 | 7 | _aFantasy fiction. | |
| 830 | 0 |
_aPercy Jackson & the Olympians ; _vbk. 1. |
|
| 942 |
_2ddc _cFIC |
||